000 00961nam a2200301Ia 4500
003 OSt
005 20221007121528.0
006 a|||||r|||| 00| 0
007 ta
008 221006b |||||||| |||| 00| 0 eng d
020 _a9781498770095 (hbk)
024 _a200213
037 _b5322, 05/02/2019, Ashutosh Technical Books
_cTextual
040 _aBDL
_cBDL
_beng
041 _2eng
_aeng
082 _aJ:1, Q8 Carb
100 _aLal Rattan Ed.
_9712314
245 0 _aUrban soils
_b Stewart B A Ed.
260 _aBoca
_bRaron CRC Press
_c2018
300 _axv, 406p. ill.
_ccm.
490 _aSeries advances in soil science
500 _aAppendix 391-400p.; Index 401-406p.
650 _a Urban agriculture
_9712315
650 _aBotany
700 _a Stewart B A Ed.
_9712316
942 _hJ:1, Q8 Carb
_cTEXL
_2CC
999 _c1208999
_d1208999